Unsur mekanik tanah untuk jurutera awam dan jurutera lombong

Bibliographic Details
Main Authors: Smith, G. N. (Author), Abdul Rahman Mahmood (Author)
Format: Book
Published: Kuala Lumpur : Dewan Bahasa dan Pustaka , 1990
Subjects:

MARC

LEADER 00000cam a2200000 7i4500
001 0000000225
005 20200219093000.0
008 021118s1990
020 |a 9836214526 
090 0 0 |a TA710   |b .S65 
100 0 |a Smith, G. N. ,   |e author 
240 0 0 |a Elements of soil mechanics for civil and mining engineers   |l [Bahasa Malaysia] 
245 0 0 |a Unsur mekanik tanah untuk jurutera awam dan jurutera lombong   |c G. N. Smith   |f penterjemah, Abdul Rahman Mahamood 
260 2 |a Kuala Lumpur :   |b Dewan Bahasa dan Pustaka ,   |c 1990 
300 |a xiii, 655 ms. ;   |c 22 sm. 
501 |a Terjemahan: Elements of soil mechanics for civil and mining engineers 
504 |a Mengandungi bibliografi dan indeks 
650 0 |a Soil mechanics 
700 0 |a Abdul Rahman Mahmood ,   |e author 
999 |a 1000035479   |b Book   |c OPEN SHELF (30 DAYS)   |e Gong Badak Campus 
999 |a 1000035480   |b Book   |c OPEN SHELF (30 DAYS)   |e Gong Badak Campus